| 000 | 00866cab a2200241 4500 | ||
|---|---|---|---|
| 001 | ABS43167 | ||
| 008 | 090401t1990 xxu||||| |||| 00| 0 eng d | ||
| 035 | _a(Sirsi) u40625 | ||
| 041 | _aeng | ||
| 100 | _aHollis, M. | ||
| 245 | _aWind fall | ||
| 260 | _c1990 | ||
| 350 | _a0 | ||
| 490 |
_aInsight _v2(4) Summer 1990, 173-175(3) |
||
| 520 | _aAssesses the type of damage to property in recent storms and ventures that property built and maintained in line with Building Regulations and Codes of Practice should have stood up to the gales favourably. | ||
| 650 | _aBUILT ENVIRONMENT-BUILDING MAINTENANCE AND REFURBISHMENT | ||
| 650 | _aCHIMNEY STACKS | ||
| 650 | _aBUILT ENVIRONMENT-BUILDING ELEMENTS-COMPLETE BUILDING ELEMENTS-ROOFS | ||
| 650 | _aSTORM DAMAGE | ||
| 690 | _aBUILT ENVIRONMENT-CONSTRUCTION DESIGN | ||
| 942 | _n0 | ||
| 948 | _c04/03/1997 | ||
| 999 |
_c26033 _d26033 |
||